The solar home : how to design and build a house you heat with the sun

Αποθηκεύτηκε σε:
Λεπτομέρειες βιβλιογραφικής εγγραφής
Κύριος συγγραφέας: Freeman, Mark 1927-
Μορφή: Βιβλίο
Γλώσσα:English
Δημοσίευση: Mechanicsburg : Stackpole Books, c1994
Θέματα:
Ετικέτες: Προσθήκη ετικέτας
Δεν υπάρχουν, Καταχωρήστε ετικέτα πρώτοι!

MARC

LEADER 00000nam a2200000 i 4500
001 1/90460
008 990927s1994 eng d
020 |a 0-8117-2446-8 
035 |l 10053114 
040 |a GR-MY-UA  |b gre  |e aacr 
041 0 |a eng 
082 0 |a 690.8370472 
100 1 |a Freeman, Mark  |d 1927- 
245 1 4 |a The solar home :  |b how to design and build a house you heat with the sun /  |c Mark Freeman 
260 |a Mechanicsburg :   |b Stackpole Books,   |c c1994 
300 |a 226 p. 
650 0 0 |a Solar houses  |x Design and construction  |x Amateur's manuals. 
852 |a INST  |b LESVOS  |e 19990927  |h 690.8370472 FRE  |p 005100019401  |q 005100019401  |t BK  |y 0 
901 |a BIBL1-1999-3 
909 |a Λ  |b 066427 
922 |a 1ΕΛΗ  |b 199906  |c ΚΠΣ/ΤΠ  |d ΠΑΠΑΣΩΤΗΡΙΟΥ 
950 |a 107-1998-07-18 
970 |a ΤΖΑΦΕΡΗ  |b ΕΥΑΓΓΕΛΙΑ  |z 1999/09/28